00284nam a2200109Ia 4500008004100000041000800041082001400049100001700063245004200080260003300122300001900155241028s9999 xx 000 0 und d aeng a332.6 PAR aParameswaran aFundamentals Of Financial Instruments bWiley IndiaaNew Delhic2020 a496;. P. 22 cm